000 00532nam a22001817a 4500
005 20251108165007.0
008 250721s1986 xx 000 0 ara d
082 1 4 _a923.6/محم
100 1 _aالآلوسي، جمال الدين
245 1 0 _aمحمد كرد علي /
250 _aط2.
264 1 _aبغداد :
_bدار الشؤون الثقافية العامة - آفاق عربية،
_c1986.
300 _a366ص
650 1 7 _aرجال الإصلاح
650 1 7 _aالتراجم
942 _2ddc
_cBK
999 _c19358
_d19358